000 00286nam a22001337a 4500
008 170814b xxu||||| |||| 00| 0 eng d
020 _a2900534406003
041 _aeng
080 _24TH
_a51
100 _a36
101 _aMAT
245 _aCOLLEGE ALGEBRA
_cBANKS,J
942 _2udc
_cBK
999 _c23441
_d23441